[Event "Karlstad op"]
[Site "Karlstad"]
[Date "2024.12.30"]
[Round "8"]
[White "Nyander, Joakim"]
[Black "David, Eldin"]
[Result "1-0"]
[WhiteElo "2175"]
[BlackElo "2026"]
[PlyCount "85"]
[EventDate "2024.12.27"]
[EventType "swiss"]
[EventRounds "8"]
[EventCountry "SWE"]
[SourceTitle "CB01_2025"]
[SourceDate "2025.01.01"]
[SourceVersion "1"]
[SourceVersionDate "2025.01.01"]
[SourceQuality "1"]

1. Nf3 e6 2. c4 d5 3. g3 Nf6 4. Bg2 c6 5. 0-0 Nbd7 6. b3 Bc5 7. Bb2 0-0 8. Qc2 Re8 9. d4 Bd6 10. Nc3 dxc4 11. bxc4 e5 12. d5 cxd5 13. cxd5 Nb6 14. Qb3 a6 15. Nd2 Bf5 16. e4 Bg6 17. Rfc1 Nfd7 18. Nd1 Nc5 19. Qe3 Nca4 20. Ba3 Qe7 21. Bxd6 Qxd6 22. Bh3 Rf8 23. Nc3 Nb2 24. Qe2 Qa3 25. Ndb1 Qb4 26. a3 Qd4 27. Qxb2 Nc4 28. Qe2 f5 29. Rd1 Qc5 30. exf5 Bxf5 31. Bxf5 Rxf5 32. Ne4 Qc7 33. Rc1 b5 34. Nbd2 Rc8 35. Nxc4 bxc4 36. Rc3 Qd7 37. Rxc4 Rcf8 38. Rd1 h5 39. d6 h4 40. Rc7 Qd8 41. Qc4+ Kh8 42. d7 hxg3 43. hxg3 1-0

[Event "Karlstad op"]
[Site "Karlstad"]
[Date "2024.12.28"]
[Round "4"]
[White "Magnussen, Pal"]
[Black "Nyander, Joakim"]
[Result "0-1"]
[WhiteElo "1959"]
[BlackElo "2175"]
[PlyCount "96"]
[EventDate "2024.12.27"]
[EventType "swiss"]
[EventRounds "8"]
[EventCountry "SWE"]
[SourceTitle "CB01_2025"]
[SourceDate "2025.01.01"]
[SourceVersion "1"]
[SourceVersionDate "2025.01.01"]
[SourceQuality "1"]

1. e4 d6 2. d4 Nf6 3. Nc3 e5 4. Nf3 Nbd7 5. h3 Be7 6. Be3 c6 7. a4 0-0 8. Be2 Re8 9. 0-0 Bf8 10. d5 Qc7 11. dxc6 bxc6 12. a5 Rb8 13. b3 Rd8 14. Bc4 h6 15. Nh4 Nxe4 16. Bxf7+ Kxf7 17. Nxe4 d5 18. Qh5+ Kg8 19. Ng3 Qd6 20. Bxa7 Rb4 21. Nhf5 Qf6 22. Ne3 Ba6 23. Rfe1 Rh4 24. Qf5 Bb4 25. Red1 Bc3 26. Qxf6 Nxf6 27. Ngf5 Rf4 28. g3 Re4 29. Bb6 Rd7 30. f3 Rb4 31. Ra2 Kf7 32. Bc5 Rb8 33. Kg2 Ke6 34. g4 d4 35. Nc4 Nd5 36. Nb6 Nf4+ 37. Kf2 Rf7 38. h4 Rd8 39. Ng3 h5 40. Ne4 Rb7 41. g5 Ng6 42. Kg3 Rf7 43. Ba3 Be2 44. Nc5+ Kf5 45. Rg1 Bxa5 46. Nc4 Bc7 47. Ne4 Ke6 48. Nc5+ Kd5 0-1

[Event "Karlstad op"]
[Site "Karlstad"]
[Date "2024.12.28"]
[Round "5"]
[White "Nyander, Joakim"]
[Black "Tagesson, Bjorn"]
[Result "1/2-1/2"]
[WhiteElo "2175"]
[BlackElo "2109"]
[PlyCount "39"]
[EventDate "2024.12.27"]
[EventType "swiss"]
[EventRounds "8"]
[EventCountry "SWE"]
[SourceTitle "CB01_2025"]
[SourceDate "2025.01.01"]
[SourceVersion "1"]
[SourceVersionDate "2025.01.01"]
[SourceQuality "1"]

1. Nf3 g6 2. c4 Bg7 3. Nc3 Nf6 4. g3 0-0 5. Bg2 d6 6. 0-0 e5 7. d3 Nc6 8. Rb1 a5 9. a3 h6 10. b4 axb4 11. axb4 Be6 12. b5 Ne7 13. Bb2 Qd7 14. Re1 Bh3 15. Bh1 Nh5 16. e3 f5 17. Nd2 Rab8 18. Nd5 Nxd5 19. Bxd5+ Kh7 20. Bg2 1/2-1/2

[Event "Karlstad op"]
[Site "Karlstad"]
[Date "2024.12.27"]
[Round "1"]
[White "Nyander, Joakim"]
[Black "Eklund, Henrik"]
[Result "1-0"]
[WhiteElo "2175"]
[BlackElo "1798"]
[PlyCount "67"]
[EventDate "2024.12.27"]
[EventType "swiss"]
[EventRounds "8"]
[EventCountry "SWE"]
[SourceTitle "CB01_2025"]
[SourceDate "2025.01.01"]
[SourceVersion "1"]
[SourceVersionDate "2025.01.01"]
[SourceQuality "1"]

1. Nf3 Nc6 2. c4 e5 3. Nc3 Nf6 4. e4 Bc5 5. g3 0-0 6. Bg2 d6 7. 0-0 Bg4 8. h3 Bd7 9. d3 Qc8 10. Kh2 Ne7 11. d4 exd4 12. Nxd4 Ng6 13. b3 h5 14. Bg5 h4 15. gxh4 Nh7 16. Nf5 Nxg5 17. hxg5 Bxf5 18. exf5 Qxf5 19. Qg4 Qe5+ 20. Qg3 Bd4 21. Rac1 Qxg3+ 22. Kxg3 Bxc3 23. Rxc3 c6 24. Rd3 Rad8 25. Rfd1 Ne5 26. Rxd6 Rc8 27. f4 Ng6 28. Rd7 f6 29. Be4 Nh8 30. Bf5 Rce8 31. g6 Re3+ 32. Kg4 Rfe8 33. Rxb7 Re2 34. Rdd7 1-0

[Event "SWE-chT 1920 Superettan"]
[Site "Sweden"]
[Date "2020.02.29"]
[Round "6"]
[White "Hamark, Jesper"]
[Black "Nyander, Joakim"]
[Result "1/2-1/2"]
[WhiteElo "2361"]
[BlackElo "2278"]
[PlyCount "186"]
[EventDate "2019.10.18"]
[EventType "team-tourn"]
[EventRounds "9"]
[EventCountry "SWE"]
[SourceTitle "EXT 2023"]
[Source "ChessBase"]
[SourceDate "2022.10.05"]
[SourceVersion "1"]
[SourceVersionDate "2022.10.05"]
[SourceQuality "1"]
[WhiteTeam "Kamraterna"]
[BlackTeam "Norrkoping Schack 08"]
[WhiteTeamCountry "SWE"]
[BlackTeamCountry "SWE"]

1. c4 Nf6 2. Nc3 c5 3. Nf3 e6 4. e3 Be7 5. d4 d6 6. d5 e5 7. e4 0-0 8. Bd3 Ne8 9. h3 Nd7 10. a3 a6 11. b4 b6 12. Be3 g6 13. g4 Ng7 14. Qc2 Rb8 15. Rb1 Rb7 16. Rg1 Kh8 17. Kd2 Ra7 18. Rb2 Ra8 19. Na4 Qc7 20. bxc5 bxc5 21. Rgb1 Bd8 22. Nc3 Kg8 23. Bh6 Rb8 24. Ke2 Rxb2 25. Rxb2 Be7 26. Qb1 Bd8 27. Qc2 Be7 28. Qb1 Bd8 29. Nd2 Kh8 30. Nf1 Rg8 31. Ng3 Ne8 32. Bd2 Ng7 33. Bh6 Ne8 34. Bd2 Ng7 35. Kd1 Re8 36. Kc2 Kg8 37. Kd1 Rf8 38. Kc2 Be7 39. Bh6 Bd8 40. Kb3 Be7 41. Ka2 Bd8 42. Bd2 Kh8 43. Bh6 Kg8 44. Bd2 Kh8 45. Nce2 Kg8 46. Bh6 Re8 47. Bd2 Rf8 48. Nc1 Nf6 49. Nb3 Qd7 50. Na5 Bxa5 51. Bxa5 h5 52. f3 Nh7 53. Bd2 Qe7 54. Qg1 Kh8 55. Qg2 Rg8 56. Ne2 Qc7 57. Qg1 Qd8 58. Qg3 Nf8 59. Rb1 Kh7 60. f4 Nd7 61. Qe3 Rh8 62. f5 hxg4 63. hxg4 Qh4 64. g5 Nh5 65. Rg1 Kg8 66. Qf3 gxf5 67. exf5 e4 68. Qxe4 Qxe4 69. Bxe4 Ng7 70. f6 Rh4 71. Ng3 Nh5 72. Nxh5 Rxe4 73. Re1 Rxe1 74. Bxe1 Ne5 75. Kb3 Bg4 76. Ng7 Be2 77. Nf5 Bxc4+ 78. Kc3 Kh7 79. Nxd6 Bxd5 80. Bf2 Kg6 81. Bxc5 Kxg5 82. Kd4 Kxf6 83. Kxd5 Nd3 84. Bb4 Nf4+ 85. Kc6 Ke6 86. Kb7 a5 87. Bxa5 Kxd6 88. Bc7+ Kc5 89. Bxf4 Kb5 90. Bc1 f5 91. Kc7 Ka4 92. Kd6 f4 93. Bxf4 Kxa3 1/2-1/2

[Event "SWE-chT 1920 Superettan"]
[Site "Sweden"]
[Date "2020.01.11"]
[Round "4"]
[White "Kockum, Anton Frisk"]
[Black "Nyander, Joakim"]
[Result "1-0"]
[WhiteElo "2366"]
[BlackElo "2278"]
[PlyCount "79"]
[EventDate "2019.10.18"]
[EventType "team-tourn"]
[EventRounds "9"]
[EventCountry "SWE"]
[SourceTitle "EXT 2023"]
[Source "ChessBase"]
[SourceDate "2022.10.05"]
[SourceVersion "1"]
[SourceVersionDate "2022.10.05"]
[SourceQuality "1"]
[WhiteTeam "Orgryte"]
[BlackTeam "Norrkoping Schack 08"]
[WhiteTeamCountry "SWE"]
[BlackTeamCountry "SWE"]

1. Nf3 c5 2. b3 Nf6 3. Bb2 e6 4. c4 Be7 5. g3 b6 6. Bg2 Bb7 7. 0-0 d6 8. Nc3 0-0 9. e3 Nbd7 10. Qe2 a6 11. d4 Rb8 12. Rad1 cxd4 13. exd4 b5 14. d5 e5 15. Nd2 b4 16. Na4 Nb6 17. Nxb6 Qxb6 18. Kh1 Rbe8 19. f4 Bc8 20. fxe5 dxe5 21. h3 Nd7 22. g4 h5 23. g5 Bxg5 24. Qxh5 Bf4 25. Ne4 Nf6 26. Nxf6+ Qxf6 27. c5 g6 28. Qf3 Qh4 29. d6 Bf5 30. d7 Rd8 31. c6 g5 32. Qf2 Qh6 33. Bxe5 Bxh3 34. Bxf4 Bxg2+ 35. Kxg2 Qxc6+ 36. Qf3 Qxf3+ 37. Kxf3 gxf4 38. Rg1+ Kh8 39. Rg2 Rg8 40. Rh1# 1-0

[Event "SWE-chB"]
[Site "Eskilstuna"]
[Date "2019.07.11"]
[Round "6"]
[White "Rydstrom, Tom"]
[Black "Nyander, Joakim"]
[Result "0-1"]
[WhiteElo "2345"]
[BlackElo "2233"]
[PlyCount "92"]
[EventDate "2019.07.06"]
[EventType "tourn"]
[EventRounds "9"]
[EventCountry "SWE"]
[EventCategory "3"]
[SourceTitle "CBM 191 Extra"]
[Source "ChessBase"]
[SourceDate "2019.09.30"]
[SourceVersion "1"]
[SourceVersionDate "2019.09.30"]
[SourceQuality "1"]

1. e4 c5 2. Nf3 e6 3. d4 cxd4 4. Nxd4 a6 5. Bd3 Nf6 6. 0-0 d6 7. Be3 Be7 8. c4 0-0 9. Nc3 b6 10. f4 Bb7 11. a3 Re8 12. Qf3 Nbd7 13. b4 Rc8 14. Rac1 Bf8 15. Qh3 g6 16. g4 e5 17. Nf3 exf4 18. Bxf4 b5 19. cxb5 axb5 20. Be3 Bg7 21. Nxb5 Rxc1 22. Rxc1 Bxe4 23. Bf1 Bxf3 24. Qxf3 Ne5 25. Qb7 Nfxg4 26. Bf4 Qf6 27. Rc8 Rxc8 28. Qxc8+ Bf8 29. Qc1 Bh6 30. Qc8+ Kg7 31. Bxh6+ Kxh6 32. Qc1+ Kg7 33. Bg2 Qf2+ 34. Kh1 Qh4 35. h3 Nf2+ 36. Kg1 Qg3 37. Qc3 Nxh3+ 38. Kh1 Nf2+ 39. Kg1 Nh3+ 40. Kh1 Nf2+ 41. Kg1 Nfd3 42. Nxd6 Qe3+ 43. Kh2 Kh6 44. Ne4 Ng4+ 45. Kh1 Ndf2+ 46. Kg1 Nh3+ 0-1

[Event "SWE-chB"]
[Site "Eskilstuna"]
[Date "2019.07.08"]
[Round "3"]
[White "Nyander, Joakim"]
[Black "Wengholm, Anders"]
[Result "1-0"]
[WhiteElo "2233"]
[BlackElo "2219"]
[PlyCount "95"]
[EventDate "2019.07.06"]
[EventType "tourn"]
[EventRounds "9"]
[EventCountry "SWE"]
[EventCategory "3"]
[SourceTitle "CBM 191 Extra"]
[Source "ChessBase"]
[SourceDate "2019.09.30"]
[SourceVersion "1"]
[SourceVersionDate "2019.09.30"]
[SourceQuality "1"]

1. c4 e5 2. g3 Nc6 3. Nc3 f5 4. Nf3 Nf6 5. d4 e4 6. Nh4 d6 7. Bh3 g6 8. Bg5 Bg7 9. Nd5 0-0 10. Ng2 Ne7 11. Ngf4 c6 12. Nxe7+ Qxe7 13. e3 Qf7 14. Bxf6 Bxf6 15. Rc1 c5 16. Qd2 cxd4 17. exd4 Be6 18. b3 h5 19. Bf1 h4 20. gxh4 Kh7 21. h5 g5 22. Ng6 Rfe8 23. Rg1 f4 24. h4 Bf5 25. hxg5 e3 26. fxe3 fxe3 27. Qc3 Bg7 28. Nf4 Kg8 29. Be2 Re4 30. Rf1 Bxd4 31. Qa5 Be5 32. Nd3 Re8 33. Qd5 Re6 34. c5 Rd4 35. Qf3 Bf4 36. Nxf4 Re5 37. cxd6 Qd7 38. Nd3 Qxd6 39. Rc4 Rxd3 40. Bxd3 Qxd3 41. Rc8+ Kg7 42. Qxb7+ Bd7 43. h6+ Kh7 44. Rf7+ Kg6 45. Rxd7 Qb1+ 46. Rd1 Qxa2 47. Rd6+ Kh5 48. Qf3+ 1-0

[Event "Deltalift op"]
[Site "Tylosand"]
[Date "2019.05.30"]
[Round "4"]
[White "Nyander, Joakim"]
[Black "Berglind, Axel"]
[Result "1/2-1/2"]
[WhiteElo "2235"]
[BlackElo "2072"]
[PlyCount "153"]
[EventDate "2019.05.30"]
[EventType "swiss"]
[EventRounds "8"]
[EventCountry "SWE"]
[SourceTitle "CBM 190 Extra"]
[Source "ChessBase"]
[SourceDate "2019.07.15"]
[SourceVersion "1"]
[SourceVersionDate "2019.07.15"]
[SourceQuality "1"]

1. c4 Nf6 2. g3 g6 3. Bg2 Bg7 4. Nc3 0-0 5. e4 c5 6. Nge2 Nc6 7. d3 d6 8. 0-0 Bd7 9. h3 a6 10. Be3 e5 11. f4 Nd4 12. g4 Bxg4 13. hxg4 Nxg4 14. Bxd4 Qh4 15. Rf3 cxd4 16. Nd5 exf4 17. Qe1 Qh2+ 18. Kf1 Ne3+ 19. Nxe3 fxe3 20. Qg3 Qxg3 21. Nxg3 Be5 22. Bh3 Rfb8 23. Rc1 b6 24. Bd7 Ra7 25. Bc6 Kg7 26. Bd5 h5 27. Ne2 g5 28. Kg2 f6 29. Rh3 Rh8 30. Rch1 Kg6 31. Be6 h4 32. Kf3 Re7 33. Bf5+ Kf7 34. Rc1 Rc7 35. Rhh1 Rb8 36. b3 a5 37. Rhd1 Ke7 38. Ng1 Rh8 39. Bh3 Rb8 40. Ke2 Rg8 41. Bg4 Rh8 42. Rf1 Rc5 43. Rf5 Rb8 44. a4 b5 45. axb5 Rbxb5 46. Rb1 Rb4 47. Kd1 a4 48. Kc2 Ra5 49. bxa4 Rxb1 50. Kxb1 Rxa4 51. Rf1 Ra3 52. Rd1 Kd8 53. Kb2 Ra8 54. Ra1 Rxa1 55. Kxa1 Kc7 56. Kb2 Kb6 57. Kb3 Kc5 58. Ne2 Bg3 59. Ka4 Be1 60. Nc1 Bc3 61. Ne2 Bd2 62. Kb3 Be1 63. Kc2 Bd2 64. Kd1 Ba5 65. Ng1 Kb4 66. Kc2 Kc5 67. Kd1 Kb4 68. Nf3 Kc5 69. Ke2 Bd8 70. Bh3 Bc7 71. Bf5 Bb8 72. Ng1 Kb4 73. Bh3 Bc7 74. Kf3 Kc3 75. Ke2 Bb8 76. Nf3 Bc7 77. Bg4 1/2-1/2

[Event "Deltalift op"]
[Site "Tylosand"]
[Date "2019.05.30"]
[Round "2"]
[White "Nyander, Joakim"]
[Black "Svensson, Leif"]
[Result "0-1"]
[WhiteElo "2235"]
[BlackElo "2016"]
[PlyCount "114"]
[EventDate "2019.05.30"]
[EventType "swiss"]
[EventRounds "8"]
[EventCountry "SWE"]
[SourceTitle "CBM 190 Extra"]
[Source "ChessBase"]
[SourceDate "2019.07.15"]
[SourceVersion "1"]
[SourceVersionDate "2019.07.15"]
[SourceQuality "1"]

1. c4 c6 2. g3 e6 3. Bg2 d5 4. Nf3 Nf6 5. cxd5 exd5 6. d3 Be7 7. 0-0 0-0 8. Nc3 Re8 9. e4 dxe4 10. dxe4 Qxd1 11. Rxd1 Bg4 12. Bf4 Bb4 13. h3 Bh5 14. g4 Bg6 15. Ne5 Bxc3 16. Nxg6 Bxb2 17. Rab1 Ba3 18. Ne5 b6 19. g5 Nh5 20. Bh2 f6 21. Nc4 Bc5 22. Bf3 g6 23. Bxh5 gxh5 24. gxf6 Kf7 25. e5 Ke6 26. Rb3 Na6 27. Kf1 Nc7 28. Rf3 Nd5 29. Nb2 Rad8 30. Nc4 b5 31. Na5 Ne3+ 32. fxe3 Rxd1+ 33. Kg2 Ra1 34. Rf2 Bxe3 35. Re2 Rg8+ 36. Kf3 Bb6 37. Nxc6 Rc1 38. Nb4 Rc3+ 39. Kf4 Rc4+ 40. Re4 Rxe4+ 41. Kxe4 Rc8 42. Nd3 Rc4+ 43. Kf3 Rc3 44. Ke4 Rc4+ 45. Kf3 Rc2 46. Nf4+ Kf7 47. Bg3 Rxa2 48. Ke4 Bc7 49. Kf5 Bxe5 50. Kxe5 b4 51. Kf5 b3 52. Ne6 Ra5+ 53. Be5 b2 54. Ng5+ Ke8 55. f7+ Ke7 56. Ne6 b1Q+ 57. Kf4 Kxe6 0-1

[Event "SWE-chT 1819 Elite"]
[Site "Sweden"]
[Date "2019.01.12"]
[Round "4.3"]
[White "Nyander, Joakim"]
[Black "Johansson, Linus"]
[Result "0-1"]
[WhiteElo "2229"]
[BlackElo "2464"]
[PlyCount "74"]
[EventDate "2018.11.09"]
[EventType "team-tourn"]
[EventRounds "9"]
[EventCountry "SWE"]
[SourceTitle "CBM 189 Extra"]
[Source "ChessBase"]
[SourceDate "2019.05.31"]
[SourceVersion "1"]
[SourceVersionDate "2019.05.31"]
[SourceQuality "1"]
[WhiteTeam "Norrkoping Schack 08"]
[BlackTeam "Limhamn"]
[WhiteTeamCountry "SWE"]
[BlackTeamCountry "SWE"]

1. c4 Nf6 2. g3 d5 3. Nf3 c6 4. Bg2 g6 5. b3 Bg7 6. Bb2 0-0 7. 0-0 Bg4 8. d3 a5 9. Qc2 Nbd7 10. Nc3 e6 11. h3 Bxf3 12. Bxf3 d4 13. Ne4 Nxe4 14. Bxe4 f5 15. Bg2 f4 16. gxf4 Rxf4 17. e3 Rh4 18. Rae1 Qg5 19. f4 Qg3 20. Qf2 Rxh3 21. Qxg3 Rxg3 22. Bxd4 Bxd4 23. exd4 Rxd3 24. Rxe6 Rxd4 25. f5 gxf5 26. Rxf5 Rg4 27. Kf2 Rf8 28. Rxf8+ Kxf8 29. Rh6 Kg7 30. Rh5 a4 31. Bh3 Rf4+ 32. Ke3 Rf7 33. Bxd7 Rxd7 34. bxa4 Kg6 35. Rc5 Re7+ 36. Kf3 Rf7+ 37. Kg3 Rf5 0-1

[Event "SWE-chT 1819 Elite"]
[Site "Sweden"]
[Date "2019.01.11"]
[Round "5.1"]
[White "Vernersson, Per"]
[Black "Nyander, Joakim"]
[Result "1/2-1/2"]
[WhiteElo "2296"]
[BlackElo "2229"]
[PlyCount "63"]
[EventDate "2018.11.09"]
[EventType "team-tourn"]
[EventRounds "9"]
[EventCountry "SWE"]
[SourceTitle "CBM 189 Extra"]
[Source "ChessBase"]
[SourceDate "2019.05.31"]
[SourceVersion "1"]
[SourceVersionDate "2019.05.31"]
[SourceQuality "1"]
[WhiteTeam "Eksjo"]
[BlackTeam "Norrkoping Schack 08"]
[WhiteTeamCountry "SWE"]
[BlackTeamCountry "SWE"]

1. d4 Nf6 2. c4 c5 3. d5 a6 4. Nc3 b5 5. cxb5 axb5 6. e4 b4 7. Nb5 d6 8. Bf4 g5 9. Bxg5 Nxe4 10. Bf4 Nf6 11. Bc4 Bg7 12. Nf3 0-0 13. 0-0 Nbd7 14. Re1 Nb6 15. Bd3 Ba6 16. a4 c4 17. Bf5 Bxb5 18. axb5 Rxa1 19. Qxa1 Nbxd5 20. Bg5 Qb6 21. Bxf6 Bxf6 22. Qb1 Qxb5 23. Qe4 h5 24. Bd7 Qc5 25. Be6 fxe6 26. Ng5 Bxg5 27. Qg6+ Kh8 28. Qxh5+ Kg8 29. Qg6+ Kh8 30. Qh5+ Kg8 31. Qg6+ Kh8 32. Qh5+ 1/2-1/2

[Event "SWE-chT 1819 Elite"]
[Site "Sweden"]
[Date "2018.11.10"]
[Round "2.3"]
[White "Lindgren, Fredrik"]
[Black "Nyander, Joakim"]
[Result "1/2-1/2"]
[WhiteElo "2269"]
[BlackElo "2229"]
[PlyCount "48"]
[EventDate "2018.11.09"]
[EventType "team-tourn"]
[EventRounds "9"]
[EventCountry "SWE"]
[SourceTitle "CBM 187 Extra"]
[Source "ChessBase"]
[SourceDate "2018.11.04"]
[SourceVersion "1"]
[SourceVersionDate "2018.11.04"]
[SourceQuality "1"]
[WhiteTeam "Umea Rockaden"]
[BlackTeam "Norrkoping Schack 08"]
[WhiteTeamCountry "SWE"]
[BlackTeamCountry "SWE"]

1. d4 Nf6 2. Nf3 c5 3. c3 e6 4. g3 b6 5. Bg2 Bb7 6. 0-0 Be7 7. Nbd2 Qc7 8. Re1 d6 9. e4 e5 10. dxe5 dxe5 11. Nc4 Nbd7 12. Nh4 g6 13. a4 0-0 14. Qb3 Rfe8 15. Bg5 Rad8 16. Rad1 Nf8 17. Rxd8 Bxd8 18. Nf3 Nxe4 19. Bxd8 Rxd8 20. Ncxe5 Nd2 21. Nxd2 Bxg2 22. Kxg2 Rxd2 23. Re3 Kg7 24. Rf3 f6 1/2-1/2

[Event "SWE Cup rapid"]
[Site "Linkoping"]
[Date "2018.09.09"]
[Round "7.5"]
[White "Sagit, Rauan"]
[Black "Nyander, Joakim"]
[Result "1-0"]
[WhiteElo "2434"]
[BlackElo "2229"]
[PlyCount "131"]
[EventDate "2018.09.07"]
[EventType "team-swiss (rapid)"]
[EventRounds "9"]
[EventCountry "SWE"]
[SourceTitle "CBM 186 Extra"]
[Source "ChessBase"]
[SourceDate "2018.08.24"]
[SourceVersion "1"]
[SourceVersionDate "2018.08.24"]
[SourceQuality "1"]
[WhiteTeam "Wasa"]
[BlackTeam "Norrkoping Schack 08"]
[WhiteTeamCountry "SWE"]
[BlackTeamCountry "SWE"]

1. Nf3 Nf6 2. g3 c5 3. Bg2 e6 4. c4 Qc7 5. Nc3 a6 6. 0-0 Be7 7. d3 d6 8. Rb1 b6 9. b4 0-0 10. bxc5 bxc5 11. Bd2 Nc6 12. Na4 Rb8 13. Rxb8 Nxb8 14. Qc2 Bb7 15. Rb1 Nfd7 16. h4 Bc6 17. Nc3 h6 18. Qc1 Rc8 19. Qa3 Nf6 20. Nd1 Bd8 21. Bc3 Nbd7 22. Nd2 Bxg2 23. Kxg2 Qc6+ 24. f3 Rb8 25. Rxb8 Nxb8 26. Nf2 Nfd7 27. Nb3 Be7 28. Qb2 Bf8 29. Na5 Qb6 30. Qb3 Qxb3 31. axb3 d5 32. e3 f6 33. d4 dxc4 34. bxc4 Kf7 35. Nd3 Be7 36. Kf2 cxd4 37. exd4 Bd8 38. Nb7 Bc7 39. Ba5 Bxa5 40. Nxa5 Ke7 41. c5 Kd8 42. Ke3 Kc7 43. Nf4 Nf8 44. Nh5 Nc6 45. Nc4 Ne7 46. Nxg7 Kc6 47. Kd3 Nd5 48. Ne8 Nd7 49. Ned6 e5 50. Na5+ Kc7 51. Nf5 exd4 52. Kxd4 Nb4 53. Nxh6 Nc2+ 54. Kd3 Ne1+ 55. Ke2 Nc2 56. Ng8 Nd4+ 57. Ke3 Nc6 58. Nxc6 Kxc6 59. Kd4 a5 60. Ne7+ Kb5 61. c6 Nf8 62. Kd5 a4 63. Kd6 a3 64. Nd5 Ka6 65. c7 Kb7 66. Ne7 1-0

[Event "SWE Cup rapid"]
[Site "Linkoping"]
[Date "2018.09.08"]
[Round "6.5"]
[White "Nyander, Joakim"]
[Black "Welin, Mats Erik Thomas"]
[Result "0-1"]
[WhiteElo "2229"]
[BlackElo "2315"]
[PlyCount "101"]
[EventDate "2018.09.07"]
[EventType "team-swiss (rapid)"]
[EventRounds "9"]
[EventCountry "SWE"]
[SourceTitle "CBM 186 Extra"]
[Source "ChessBase"]
[SourceDate "2018.08.24"]
[SourceVersion "1"]
[SourceVersionDate "2018.08.24"]
[SourceQuality "1"]
[WhiteTeam "Norrkoping Schack 08"]
[BlackTeam "Manhem"]
[WhiteTeamCountry "SWE"]
[BlackTeamCountry "SWE"]

1. c4 Nf6 2. g3 c6 3. Bg2 d5 4. Nf3 Bg4 5. Ne5 Be6 6. cxd5 Bxd5 7. Nf3 c5 8. Nc3 Bc6 9. 0-0 e6 10. d3 Be7 11. e4 0-0 12. h3 Nbd7 13. Qc2 b5 14. Re1 Rc8 15. b3 Qc7 16. Bb2 Rfd8 17. Rac1 e5 18. Nd1 Bd6 19. Qb1 a5 20. Qa1 Re8 21. Bc3 Nf8 22. Ne3 N6d7 23. a4 b4 24. Bb2 Ne6 25. Nc4 Nd4 26. Bxd4 exd4 27. Qb2 Bf8 28. Qd2 Re6 29. Nh4 g6 30. f4 Bh6 31. Nf3 Ra8 32. Qf2 Bb7 33. Nh2 Qd8 34. Nd2 Ba6 35. Bf1 f5 36. e5 Nb6 37. Rxc5 Bf8 38. Rcc1 Nd5 39. Nc4 Nc3 40. Nf3 Bc5 41. Kh2 Ra7 42. Ng5 Re8 43. g4 fxg4 44. hxg4 h6 45. Ne4 Be7 46. Ncd6 Rf8 47. Qxd4 Rd7 48. Nxc3 Bxd6 49. Qd5+ Kh7 50. exd6 Bb7 51. Qe5 0-1

[Event "SWE-chT 1718 Superettan"]
[Site "Sweden"]
[Date "2017.10.20"]
[Round "1"]
[White "Neretljak, Nedzad"]
[Black "Nyander, Joakim"]
[Result "0-1"]
[WhiteElo "2070"]
[BlackElo "2155"]
[PlyCount "184"]
[EventDate "2017.10.20"]
[EventType "team-tourn"]
[EventRounds "9"]
[EventCountry "SWE"]
[SourceTitle "EXT 2019"]
[Source "ChessBase"]
[SourceDate "2018.10.10"]
[SourceVersion "1"]
[SourceVersionDate "2018.10.10"]
[SourceQuality "1"]
[WhiteTeam "Vaxjo"]
[BlackTeam "Norrkoping Schack 08"]
[WhiteTeamCountry "SWE"]
[BlackTeamCountry "SWE"]

1. e4 c5 2. Nf3 e6 3. c4 a6 4. Nc3 Qc7 5. g3 b6 6. Bg2 Bb7 7. 0-0 d6 8. b3 Nf6 9. Re1 Nbd7 10. Bb2 Be7 11. Nd5 exd5 12. exd5 Kf8 13. Nh4 Re8 14. f4 h5 15. Qc2 Bc8 16. Re2 Bd8 17. Rxe8+ Nxe8 18. Re1 Ndf6 19. Qc3 Bd7 20. h3 Be7 21. Qe3 Qd8 22. Nf3 Ng8 23. Ng5 Bf6 24. d4 Bxd4 25. Bxd4 cxd4 26. Qxd4 Nef6 27. Kh2 Ne7 28. b4 Bf5 29. c5 Nc8 30. c6 Ne8 31. a4 Qf6 32. Qe3 Nc7 33. Re2 g6 34. Qd2 Kg7 35. Bf3 Ne7 36. Kg2 Rd8 37. g4 hxg4 38. hxg4 Bc8 39. Kg3 Rh8 40. Re1 Kf8 41. Rh1 Rxh1 42. Bxh1 Qa1 43. Bf3 Qg1+ 44. Bg2 Nexd5 45. Kf3 Ne6 46. Nh3 Qd4 47. Qxd4 Nxd4+ 48. Ke4 Nxc6 49. Kxd5 Nxb4+ 50. Kxd6 Bxg4 51. Nf2 Be6 52. Be4 Bc4 53. Nd1 f5 54. Bb1 Nd3 55. Ne3 b5 56. Nxc4 bxc4 57. Kd5 Nb2 58. a5 Ke7 59. Bc2 Kd7 60. Kd4 Kd6 61. Kc3 Nd3 62. Kxc4 Nxf4 63. Ba4 Nd5 64. Kd4 Ne7 65. Bd1 Nc6+ 66. Ke3 Ke5 67. Be2 Nxa5 68. Bxa6 Nc6 69. Kf3 Nd4+ 70. Kg3 Ke4 71. Kh4 Kf4 72. Bb7 Ne2 73. Kh3 Ke3 74. Bc6 g5 75. Bd7 Kf4 76. Bc8 Nd4 77. Kg2 Nc6 78. Bb7 Nb4 79. Bc8 Nd3 80. Ba6 Ne5 81. Bb5 Ke3 82. Be8 Nc4 83. Bg6 f4 84. Bh5 Nd2 85. Be8 Nf3 86. Bd7 Ne5 87. Bc8 g4 88. Bb7 g3 89. Bd5 Nd3 90. Bb7 Ne1+ 91. Kf1 f3 92. Kg1 Nd3 0-1

[Event "Deltalift op"]
[Site "Tylosand"]
[Date "2017.05.25"]
[Round "2"]
[White "Andersson, Lars"]
[Black "Nyander, Joakim"]
[Result "0-1"]
[WhiteElo "2006"]
[BlackElo "2222"]
[PlyCount "70"]
[EventDate "2017.05.25"]
[EventType "swiss"]
[EventRounds "8"]
[EventCountry "SWE"]
[SourceTitle "CBM 178 Extra"]
[Source "ChessBase"]
[SourceDate "2017.06.22"]
[SourceVersion "1"]
[SourceVersionDate "2017.06.22"]
[SourceQuality "1"]

1. f4 c5 2. Nf3 b6 3. g3 Bb7 4. Bg2 Nf6 5. 0-0 e6 6. d3 d6 7. e4 Nbd7 8. Nc3 Qc7 9. Qe2 a6 10. a4 Rc8 11. h3 Be7 12. g4 g6 13. f5 gxf5 14. gxf5 e5 15. Ng5 h6 16. h4 Nf8 17. Bf3 Qd8 18. Nxf7 Kxf7 19. Bh5+ Nxh5 20. Qxh5+ Kg7 21. Rf2 Rh7 22. Rg2+ Kh8 23. Bxh6 Bf6 24. Qg4 Nd7 25. Bg5 Qe7 26. Kf2 Rg8 27. Rag1 Qf7 28. Ne2 d5 29. Ng3 Bxg5 30. hxg5 Nf6 31. Qf3 Rxg5 32. exd5 Bxd5 33. Ne4 Rxg2+ 34. Qxg2 Bxe4 35. dxe4 Qc4 0-1

[Event "Deltalift op"]
[Site "Tylosand"]
[Date "2017.05.25"]
[Round "1"]
[White "Nyander, Joakim"]
[Black "Harnesk, Mats"]
[Result "1-0"]
[WhiteElo "2222"]
[BlackElo "1814"]
[PlyCount "58"]
[EventDate "2017.05.25"]
[EventType "swiss"]
[EventRounds "8"]
[EventCountry "SWE"]
[SourceTitle "CBM 178 Extra"]
[Source "ChessBase"]
[SourceDate "2017.06.22"]
[SourceVersion "1"]
[SourceVersionDate "2017.06.22"]
[SourceQuality "1"]

1. c4 f5 2. g3 Nf6 3. Bg2 e6 4. d3 Be7 5. Nc3 0-0 6. e4 fxe4 7. dxe4 d6 8. Nge2 e5 9. f3 c6 10. Be3 Be6 11. b3 Nbd7 12. Qd2 Qc7 13. 0-0 Rad8 14. Rac1 Nb6 15. Rfd1 Qd7 16. a4 d5 17. cxd5 cxd5 18. Qb2 d4 19. Nb5 Rc8 20. Nxa7 Rxc1 21. Bxc1 Nxa4 22. bxa4 Qxa4 23. Re1 Qxa7 24. Kh1 Rc8 25. Bd2 b5 26. Qxb5 Bc4 27. Qxe5 Qa2 28. Bg5 Bxe2 29. Qxe7 d3 1-0